Statistiques concernant Pays les moins alphabétisés

Cliquez ici pour prendre le quiz!

Statistiques générales

  • Ce quiz a été pris 77 fois
  • Le résultat moyen est 13 sur 20

Statistiques - réponses

PourcentagePays% Correct
38,7 %Mali
85%
19,1 %Niger
85%
59,6 %Nigeria
75%
30,4 %Guinée
74%
40,2 %Tchad
74%
36,0 %Burkina Faso
71%
59,9 %Guinée-Bissau
71%
52,1 %Mauritanie
71%
49,1 %Éthiopie
69%
55,5 %Gambie
69%
31,9 %Soudan du Sud
69%
38,4 %Bénin
65%
55,7 %Sénégal
65%
47,6 %Liberia
62%
58,8 %Mozambique
62%
36,8 %République Centrafricaine
60%
48,1 %Sierra Leone
58%
38,2 %Afghanistan
55%
43,1 %Côte d'Ivoire
51%
56,4 %Pakistan
40%

Distribution des résultats

Percentile par nombre de réponses

% des personnes avec chaque résultat

Votre développement - résultats

Vous n’avez pas pris ce quiz